000 00266nam a2200133Ia 4500
100 _aMorroney M.J.
942 _cBK
654 _aMATHEMATICS
245 _aFacts from Figures
260 _bPenguin Books
_c1951
300 _a472
546 _aENGLISH
999 _c20132
_d20132